000 00910cam a2200277 a 4500
001 000010526
005 20200929162238.0
008 950727s1994 sp b 000 m spa d
020 _a8475064108
035 _a(DLC) 95183831
040 _aDO-SdBNP
_bspa
_dBNPHU
_cDLC
082 _a862.3
_bM722ó
100 1 _aMolina, Tirso de,
_d1579 -1648
_95246
245 1 0 _aObras completas /
_cTirso de Molina ; edición y prólogo de Pilar Palomo e Isabel Prieto.
260 _aMadrid :
_bBiblioteca Castro ;
_bTurner,
_c[1994].
300 _a2 v. ;
_c23 cm.
505 0 _aV. 1.
_tCigarrales de Toledo --
_gV. 2
_tDeleitar aprovechando.
650 4 _aTeatro español
_93071
650 4 _aProsa española
_915565
650 4 _aLiteratura española
_9632
700 1 _aPalomo, Pilar,
_eed.
_925534
700 1 _aPrieto, Isabel,
_eed.
_925535
910 _aCatalogación por copia / LC
910 _aWM
049 _aBNGR
999 _c10284
_d10284